| Tag |
First Indicator |
Second Indicator |
Subfields |
| LEADER |
00000cam a2200000 4500 |
| 001 |
in00004736708 |
| 008 |
890516s1924 ve 000 0 spa d |
| 005 |
20230830204656.3 |
| 035 |
|
|
|a (OCoLC)ocm19717213
|
| 040 |
|
|
|a RQK
|b eng
|c RQK
|d OCLCQ
|d OCLCF
|d OCLCQ
|d OCLCO
|d OCLCQ
|d OCLCO
|d TXA
|
| 035 |
|
|
|a (OCoLC)19717213
|
| 043 |
|
|
|a s-ve---
|
| 050 |
|
4 |
|a F2328.3
|b .R6
|
| 050 |
|
4 |
|a RA482.L5
|b R6 1924
|
| 100 |
1 |
|
|a Ron Pedrique, M. L.
|
| 245 |
1 |
0 |
|a Ideas sobre el saneamiento de los llanos venezolanos /
|c por el doctor M.L. Ron Pedrique ...
|
| 264 |
|
1 |
|a Caracas :
|b Tipografía americana,
|c 1924.
|
| 300 |
|
|
|a 26 pages ;
|c 23 cm
|
| 336 |
|
|
|a text
|b txt
|2 rdacontent
|
| 337 |
|
|
|a unmediated
|b n
|2 rdamedia
|
| 338 |
|
|
|a volume
|b nc
|2 rdacarrier
|
| 650 |
|
0 |
|a Public health
|z Venezuela.
|
| 650 |
|
0 |
|a Llanos
|x Sanitation
|z Venezuela.
|
| 650 |
|
0 |
|a Drainage
|z Venezuela.
|
| 650 |
|
0 |
|a Domestic animals
|z Venezuela.
|
| 651 |
|
0 |
|a Llanos (Colombia and Venezuela)
|
| 650 |
|
6 |
|a Santé publique
|z Venezuela.
|
| 650 |
|
6 |
|a Drainage
|z Venezuela.
|
| 650 |
|
6 |
|a Animaux domestiques
|z Venezuela.
|
| 650 |
|
7 |
|a Domestic animals.
|2 fast
|0 (OCoLC)fst00896543
|
| 650 |
|
7 |
|a Drainage.
|2 fast
|0 (OCoLC)fst00897411
|
| 650 |
|
7 |
|a Public health.
|2 fast
|0 (OCoLC)fst01082238
|
| 651 |
|
7 |
|a Venezuela.
|2 fast
|0 (OCoLC)fst01204166
|
| 776 |
0 |
8 |
|i Online version:
|a Ron Pedrique, M.L.
|t Ideas sobre el saneamiento de los llanos venezolanos.
|d Caracas, Tipografía americana, 1924
|w (OCoLC)692139062
|
| 994 |
|
|
|a Z0
|b TXA
|
| 948 |
|
|
|h HELD BY TXA - 2 OTHER HOLDINGS
|
| 999 |
f |
f |
|s caf0d413-1cb1-4f45-8cb1-484d8e8d951e
|i e3681505-9286-4362-9f77-ba6ec730abc1
|t 0
|
| 952 |
f |
f |
|p noncirc
|a Texas A&M University
|b College Station
|c Cushing Memorial Library & Archives
|d Cushing: Dykes (Does not check out)
|t 0
|e RA482.L5 R6 1924
|f Vertical File
|h Library of Congress classification
|i unmediated -- volume
|m A1485306885F
|
| 998 |
f |
f |
|a RA482.L5 R6 1924
|t 0
|l Cushing: Dykes (Does not check out)
|